00778nam a2200205 a 450000100100000000500170001000800410002704000250006808200110009324500940010426000380019830000210023650500230025759000260028065000470030665000670035370000240042095201110044499900170055500004737920201002060517.0140627s2002 dr 000 0 spa d aDO-SdBNPbspacBNPHU a371.2600aLibro de ítemes de 8vo. curso :bpara las Pruebas Nacionales /cAda Salazar... [et.al]. aSanto Domingo :bEducanco,c2002. a177 p. ;c22 cm.0 gv. 2tBachillerato aInventariado, 2018/VM 4aEducaciónxRepública dominicana917526 4aMediciones y pruebas educativaszRepública Dominicana9378221 aSalazar, Ada975029 0010718PDaPDbPDcHDd2018-05-10iLF1l0o371.26 p47379-10r2020-06-25w2020-06-25yLFPDZNo se presta c46867d46867